000 01431naa a22003137a 4500
001 BR9604115
003 BR-BrBNA
005 20240918181533.0
007 ta
008 230509b bl.||||| |||| 00| 0 por d
040 _aBR-BrBNA
_bpor
_cBiblioteca Nacional de Agricultura
072 _aL02; E16
_b5214
090 _aL02 BR9604115
100 1 _aMotta, R.J.
100 1 _aPfau, L.A.
100 1 _aRodrigues, A.A.
111 1 _a2. Seminario de Experiencias de Campo da Extensao Rural
_cCuritiba, PR (Brazil)
_dNov 1983
245 1 _aUso da casca de arroz tratada com alcali na alimentacao do gado leiteiro
260 3 _aCuritiba, PR (Brasil):
_c1984.
500 _aAnais do 2. Seminario de Experiencia de Campo da Extensao Rural: apicultura, bovinocultura de leite, bovinocultura de corte, caprinocultura, forrageiras, ovinocultura, ostricultura, piscicultura, suinocultura Curitiba, PR (Brasil): 1984. p. 54-64 (BR9604115-AM)L02
650 _aGado Leiteiro
650 _aCasca de Arroz
650 _aAlcali
650 _aAnalise Quimica
650 _aAnalise Economica
773 0 _tAnais do 2. Seminario de Experiencia de Campo da Extensao Rural: apicultura, bovinocultura de leite, bovinocultura de corte, caprinocultura, forrageiras, ovinocultura, ostricultura, piscicultura, suinocultura
_wL02 BR9604115
_gCuritiba, PR (Brasil), 1984. p. 54-64
909 _a202404
_bLucia
_c55
_dLucia Elande
942 _cAM
_2AGRIS
999 _c325722
_d325722